Normal view MARC view
  • Ortega Andeane, Patricia

Entry Nombre Personal

Number of records used in: 1

001 - NUMERO DE CONTROL

  • campo de control: 46660

003 - IDENTIFICADOR DE NUMERO DE CONTROL

  • campo de control: UPN

005 - FECHA Y HORA DE LA ÜLTIMA TRANSACCIÓN

  • campo de control: 20220922112534.0

008 - DATOS DE LONGITUD FIJA

  • campo de control de longitud fija: 220922|| acnnnaabn | a|a d

024 ## - OTROS IDENTIFICADORES NORMALIZADOS

  • Fuente: orcid
  • Número normalizado o código: https://orcid.org/0000-0003-2696-3166

040 ## - FUENTE DE CATALOGACIÓN

  • Agencia original de catalogación: MX-MxUPN

100 1# - ENCABEZAMIENTO - NOMBRE PERSONAL

  • Nombre personal: Ortega Andeane, Patricia

370 ## - LUGAR ASOCIADO

  • Associated country: México

371 ## - DIRECCIÓN

  • Address: Avenida Universidad 3004, colonia Copilco Universidad, Ciudad universitaria, Alcaldía Coyoacán
  • City: Ciudad de México
  • Country: México
  • Postal code: 04510
  • Electronic mail address: andeane@unam.mx

372 ## - CAMPO DE ACTIVIDAD

  • Field of activity: Psicología
  • Field of activity: Evaluación ambiental de escenarios hospitalarios, Estresores ambientales, Restauración ambiental, Percepción de riesgos y desastres, Caos en escenarios educativos y residenciales
  • Field of activity: Docencia
  • Field of activity: Investigación

373 ## - GRUPO ASOCIADO

  • Associated group: Universidad Nacional Autónoma de México. Facultad de Psicología

374 ## - OCUPACIÓN

  • Occupation: Doctora en Psicología
  • Occupation: Profesora universitaria
  • Occupation: Investigadora

375 ## - GÉNERO

  • Gender: femenino

377 ## - LENGUA ASOCIADA

  • Language code: spa

400 1# - VEÁSE - NOMBRE DE PERSONA

  • Personal name: Ortega-Andeane, Patricia

400 1# - VEÁSE - NOMBRE DE PERSONA

  • Personal name: Ortega Andeane, Rosa Patricia

670 ## - FUENTE EN LA QUE SE LOCALIZARON DATOS

  • Cita de la fuente: En recurso en línea Acta de investigación psicológica, Vol. 10, no. 1 (2020):
  • Información localizada: página 80 (Patricia Ortega Andeane)
  • Uniform Resource Identifier: https://www.revista-psicologia.unam.mx/revista_aip/index.php/aip/article/view/335/270

902 ## - CATALOGADOR

  • Catalogador: RGJD/220922